000 00835nam a22002657a 4500
001 6775
003 FISKH
005 20250527121609.0
008 250527b cb ||||| |||| 00| 0 eng d
020 _a9780736833783
040 _aFISKH
_beng
_cFISKH
_dFISKH
050 _aTK6143.B4 S35
082 _a621.385
100 _aSchaefer, Lola M.
245 _aAlexander Graham Bell /
_cby Lola M. Schaefer ; Gail Saunders-Smith, Ph.D., Consulting Editor
260 _aMinnesota :
_bPebble Book,
_c2003.
300 _a24 pages :
_bcolor illustrations ;
_c18 cm
505 _aJ
520 _aSimple text and photographs introduce the life of Alexander Graham Bell.
521 8 _a470
_bLexile
521 8 _aJ
_bRaz-Plus
650 _aAlexander Graham Bell
_vBiography
_xInventors
942 _2ddc
_cBK
_n0
999 _c6775
_d6775